Library Logo

Pioneer International University Library Catalogue

Does financial deregulation work? : (Record no. 2220)

MARC details
000 -LEADER
fixed length control field 00545cam a2200169 a 4500
005 - DATE AND TIME OF LATEST TRANSACTION
control field 20250901165327.0
008 - FIXED-LENGTH DATA ELEMENTS--GENERAL INFORMATION
fixed length control field 970715s1998 enk b 001 0 eng
010 ## - LIBRARY OF CONGRESS CONTROL NUMBER
LC control number 97030627
020 ## - INTERNATIONAL STANDARD BOOK NUMBER
International Standard Book Number 1858986389
050 00 - LIBRARY OF CONGRESS CALL NUMBER
Classification number HG181 .C6515 1998
Item number .C6515 1998
082 00 - DEWEY DECIMAL CLASSIFICATION NUMBER
Classification number 332.1
Edition information 21
100 1# - MAIN ENTRY--PERSONAL NAME
Personal name Coggins, Bruce,
Dates associated with a name 1958-
245 10 - TITLE STATEMENT
Title Does financial deregulation work? :
Remainder of title a critique of free market approaches /
Statement of responsibility, etc. Bruce Coggins.
260 ## - PUBLICATION, DISTRIBUTION, ETC.
Place of publication, distribution, etc. Cheltenham, UK ;
-- Northampton, MA :
Name of publisher, distributor, etc. Edward Elgar,
Date of publication, distribution, etc. c1998.
300 ## - PHYSICAL DESCRIPTION
Extent viii, 230 p. ;
Dimensions 23 cm.
942 ## - ADDED ENTRY ELEMENTS (KOHA)
Source of classification or shelving scheme Dewey Decimal Classification
Holdings
Withdrawn status Lost status Source of classification or shelving scheme Damaged status Not for loan Home library Current library Shelving location Date acquired Total checkouts Full call number Barcode Date last seen Price effective from Koha item type
    Library of Congress Classification     Main Library Main Library   03/11/2021   HG181 .C6515 1998 PIU0002593 03/11/2021 03/11/2021 Books